[Event "Vall del Tenes op 3rd"]
[Site "Santa Eulalia de Roncana"]
[Date "2014.05.23"]
[Round "5"]
[White "Navarro Escura, Marc"]
[Black "Vicente Soriano, Josep"]
[Result "1/2-1/2"]
[WhiteElo "1995"]
[BlackElo "1961"]
[PlyCount "55"]
[EventDate "2014.04.25"]
[EventType "swiss"]
[EventRounds "8"]
[EventCountry "ESP"]
[SourceTitle "CBM 160 Extra"]
[Source "ChessBase"]
[SourceDate "2014.07.01"]
[SourceVersion "1"]
[SourceVersionDate "2014.07.01"]
[SourceQuality "1"]

1. e4 c5 2. c3 d5 3. exd5 Qxd5 4. d4 Nc6 5. Nf3 cxd4 6. cxd4 e6 7. Be2 Bb4+ 8. Nc3 Nge7 9. 0-0 Bxc3 10. bxc3 0-0 11. Re1 Qa5 12. Qc2 Ng6 13. Bd3 Bd7 14. Bg5 f6 15. Bd2 Qh5 16. Rab1 b5 17. Rxb5 e5 18. Rd5 Rad8 19. dxe5 Ncxe5 20. Nxe5 Nxe5 21. Kh1 Bc6 22. Rxd8 Rxd8 23. Be2 Qh4 24. Be3 Ng4 25. Bxg4 Qxg4 26. f3 Qe6 27. Bf2 Qf7 28. a3 1/2-1/2

[Event "Vall del Tenes op 1st"]
[Site "Vall del Tenes"]
[Date "2012.04.27"]
[Round "3"]
[White "Navarro Escura, Marc"]
[Black "Argemi Camp, Jaume"]
[Result "1-0"]
[WhiteElo "1741"]
[BlackElo "1645"]
[PlyCount "129"]
[EventDate "2012.04.13"]
[EventType "swiss"]
[EventRounds "8"]
[EventCountry "ESP"]
[SourceTitle "CBM 148 Extra"]
[Source "ChessBase"]
[SourceDate "2012.06.22"]
[SourceVersion "1"]
[SourceVersionDate "2012.06.22"]
[SourceQuality "1"]

1. e4 e5 2. Nf3 d6 3. d4 exd4 4. Nxd4 g6 5. Nc3 Bg7 6. Be3 Nf6 7. Be2 0-0 8. Qd2 Nbd7 9. 0-0 Nc5 10. f3 a5 11. a4 Nh5 12. Bh6 Nf6 13. Rad1 Bd7 14. Bxg7 Kxg7 15. Ndb5 Bc6 16. Bc4 Qd7 17. b3 b6 18. Rfe1 Rae8 19. e5 Nh5 20. exd6 cxd6 21. Qxd6 Bxb5 22. Nxb5 Rxe1+ 23. Rxe1 Re8 24. Qxd7 Rxe1+ 25. Kf2 Nxd7 26. Kxe1 f5 27. Nd6 Nhf6 28. Nc8 Kf8 29. Bb5 Kf7 30. Kd2 Ke6 31. Bc4+ Ke5 32. Kc3 g5 33. b4 h6 34. Bb5 axb4+ 35. Kxb4 Nd5+ 36. Ka3 Ke6 37. Bc4 Ke5 38. Bxd5 Kxd5 39. Kb4 Kd4 40. Kb5 Kc3 41. Nxb6 Nb8 42. Nd5+ Kxc2 43. Ne3+ Kd2 44. Nxf5 h5 45. Ng3 h4 46. Ne4+ Ke2 47. Nxg5 Kf2 48. f4 Kxg2 49. a5 h3 50. a6 Nxa6 51. Kxa6 Kxh2 52. f5 Kg3 53. Nxh3 Kg4 54. f6 Kxh3 55. f7 Kg4 56. f8Q Kg5 57. Kb5 Kg4 58. Kc5 Kg5 59. Kd5 Kg4 60. Ke4 Kg5 61. Qf5+ Kh6 62. Qg4 Kh7 63. Kf5 Kh8 64. Kf6 Kh7 65. Qg7# 1-0

[Event "Vall del Tenes op 1st"]
[Site "Vall del Tenes"]
[Date "2012.04.20"]
[Round "2"]
[White "Gomez Benitez, David Isaac"]
[Black "Navarro Escura, Marc"]
[Result "1-0"]
[WhiteElo "2047"]
[BlackElo "1741"]
[PlyCount "53"]
[EventDate "2012.04.13"]
[EventType "swiss"]
[EventRounds "8"]
[EventCountry "ESP"]
[SourceTitle "CBM 148 Extra"]
[Source "ChessBase"]
[SourceDate "2012.06.22"]
[SourceVersion "1"]
[SourceVersionDate "2012.06.22"]
[SourceQuality "1"]

1. c4 e6 2. Nf3 d5 3. g3 b6 4. Bg2 Bb7 5. 0-0 Nf6 6. Qa4+ Qd7 7. Qc2 Bd6 8. d4 c5 9. Rd1 Nc6 10. dxc5 Bxc5 11. cxd5 Nb4 12. Qc3 Ne4 13. Qxg7 0-0-0 14. Ne5 Rdg8 15. Qxg8+ Rxg8 16. Nxd7 Nxf2 17. Nxc5 Nxd1 18. Nxb7 Nc2 19. Nd6+ Kd7 20. Nxf7 Nxa1 21. Bh3 Nc2 22. Bxe6+ Ke7 23. Bg5+ Kf8 24. Bh6+ Ke7 25. Bf4 Nd4 26. Bd6+ Kf6 27. Be5+ 1-0